00249nam a22000857a 4500008004100000082002200041245005100063260004000114300000900154230623b xxu||||| |||| 00| 0 eng d a330.967bMUN 1976 aAfrica and the International Economy 1800-1960 aLondonbJ. M. Dent & Sons Ltdc1976 a230p